Normal view
MARC view
Entry Geographic Name
001 - CONTROL NUMBER
- control field: 18322
003 - CONTROL NUMBER IDENTIFIER
- control field: ARRUPE
005 - DATE AND TIME OF LATEST TRANSACTION
- control field: 20150716165004.0
008 - FIXED-LENGTH DATA ELEMENTS
- fixed length control field: 150716|| aca||aabn | a|a d
040 ## - CATALOGING SOURCE
- Original cataloging agency: ARRUPE
- Transcribing agency: ARRUPE
151 ## - HEADING--GEOGRAPHIC NAME
- Geographic name: Europe
- General subdivision: History
- Chronological subdivision: 1815-1871.
670 ## - SOURCE DATA FOUND
- Source citation: Work cat.: (ARRUPE)0: Anderson, M. S. (Matthew Smith) 18321, The ascendancy of Europe, 1815-1914 /, 1985.